<?xml version="1.0" encoding="UTF-8"?>
<record
    xmlns:xsi="http://www.w3.org/2001/XMLSchema-instance"
    xsi:schemaLocation="http://www.loc.gov/MARC21/slim http://www.loc.gov/standards/marcxml/schema/MARC21slim.xsd"
    xmlns="http://www.loc.gov/MARC21/slim">

  <leader>01804nam a22001937a 4500</leader>
  <datafield tag="999" ind1=" " ind2=" ">
    <subfield code="c">5828</subfield>
    <subfield code="d">5828</subfield>
  </datafield>
  <controlfield tag="003">GBCCL</controlfield>
  <controlfield tag="005">20241126110550.0</controlfield>
  <controlfield tag="008">180409b           ||||| |||| 00| 0 eng d</controlfield>
  <datafield tag="040" ind1=" " ind2=" ">
    <subfield code="c">GBC</subfield>
  </datafield>
  <datafield tag="082" ind1=" " ind2=" ">
    <subfield code="a">262.26</subfield>
    <subfield code="b">LAR</subfield>
  </datafield>
  <datafield tag="100" ind1=" " ind2=" ">
    <subfield code="a">Larson, Bruce </subfield>
    <subfield code="9">5516</subfield>
  </datafield>
  <datafield tag="245" ind1=" " ind2=" ">
    <subfield code="a">Groups that work; </subfield>
    <subfield code="b">the missing ingredient.</subfield>
    <subfield code="c">Bruce Larson [and others]</subfield>
  </datafield>
  <datafield tag="260" ind1=" " ind2=" ">
    <subfield code="a">Grand Rapids,</subfield>
    <subfield code="b"> Zondervan Pub. House</subfield>
    <subfield code="c">1967</subfield>
  </datafield>
  <datafield tag="300" ind1=" " ind2=" ">
    <subfield code="a">142 pages</subfield>
    <subfield code="c"> 21 cm</subfield>
  </datafield>
  <datafield tag="500" ind1=" " ind2=" ">
    <subfield code="a">"The chapters ... originally appeared in Faith at work magazine or the Faith at work edition of Groups that work, c1964."</subfield>
  </datafield>
  <datafield tag="505" ind1=" " ind2=" ">
    <subfield code="a">Finding a handle / Irving Harris --
Behind our masks / Keith Miller --
Honesty is the only policy / Bruce Larson --
A Christian program / Sam Shoemaker --
Barriers of friendship / Walden Howard --
Renewal through crisis / W. Randolph Thornton --
Breaking the sound barrier / Rosalind Rinker --
Letting god speak / Lionel A. Whiston --
The church alive / Howard Keeley --
Inward journey / N. Gordon Cosby --
How the lead a group --
New life-new mission / Robert A. Raines --
Get changed; get together; get going! / Donald I. James --
A ministry at the crossroads / Ralston C. Young --
From gangs to groups / Bill Milliken --
No place like home / Bill Lamb --
First there were eight / John Dutton --
No lonely pilgrimage / Howard B. Haines --
Between meetings-the acid test / Bruce Larson --
How to talk about your troubles / O. Hobart Mowrer --
Brothers in dialogue-part I / Hugh Southworth --
Brothers in dialogue-part II / Garth Stanton --
How to begin again / Walden Howard --
When teenagers changed a church / Harold R. Martin --
God wants us together / Annette Sackrison --
One church finds renewal / David C. Searfoss --
The new evangelism / Roger Fredrikson.</subfield>
  </datafield>
  <datafield tag="650" ind1=" " ind2=" ">
    <subfield code="a">Church group work.</subfield>
    <subfield code="9">940</subfield>
  </datafield>
  <datafield tag="942" ind1=" " ind2=" ">
    <subfield code="2">ddc</subfield>
    <subfield code="c">BK</subfield>
    <subfield code="0">1</subfield>
  </datafield>
  <datafield tag="952" ind1=" " ind2=" ">
    <subfield code="0">0</subfield>
    <subfield code="1">0</subfield>
    <subfield code="2">ddc</subfield>
    <subfield code="4">0</subfield>
    <subfield code="7">0</subfield>
    <subfield code="a">GBC</subfield>
    <subfield code="b">GBC</subfield>
    <subfield code="c">MNMS</subfield>
    <subfield code="d">2018-04-09</subfield>
    <subfield code="l">1</subfield>
    <subfield code="o">262.26 LAR</subfield>
    <subfield code="p">002909</subfield>
    <subfield code="r">2025-05-01 00:00:00</subfield>
    <subfield code="s">2018-10-05</subfield>
    <subfield code="t">c.1</subfield>
    <subfield code="w">2018-04-09</subfield>
    <subfield code="y">BK</subfield>
  </datafield>
</record>
